Histoire de Belgique : La bataille des Éperons d'or - Statistiques

Statistiques générales
  • Ce quiz a été pris 5 fois
  • Le résultat moyen est 12 sur 16
Statistiques - réponses
Questions Réponses % Correct
Matière souple d'origine animale qui était importée principalement du pays précédent au moment où éclata la bataille des Éperons d'or. La laine
100%
Siècle au cours duquel s'est déroulée la bataille des Éperons d'or. Le XIVe siècle (1302)
100%
Grande ville de l'actuel département du Nord qui fut assiégée trois fois par la France au cours des guerres de Flandres et revint à la France avec le Traité d'Athis qui ponctue ces guerres, en contrepartie, l'indépendance de la Flandre est garantie en tant que fief du royaume. Lille
100%
Roi de France contre lequel se battirent les milices communales flamandes insurgées au moment de la bataille des Éperons d'or. Philippe le Bel
100%
Ville de Flandre où s'est déroulée la bataille des Éperons d'or, également appelée "bataille de _____". Courtrai
75%
La date du 11 juillet est considéré comme la ___ annuelle de la communauté flamande en souvenir de la victoire lors de la bataille des Éperons d'or. Fête
75%
Partie du corps du lion (référence au "Lion des Flandres") qui donne son surnom aux partisans du comte de Flandre, "klauwaerts" (donc "klauw" est le terme flamand pour cette partie du corps d'un lion). La griffe
75%
Royaume allié au comté de Flandre au moment de la bataille des Éperons d'or, pays auprès duquel les Flamands importaient essentiellement la matière première pour faire fleurir son industrie textile. L'Angleterre
75%
Province des actuels Pays-Bas alors alliée aux Flamands qui envoya des milices sous le commandement de Jean III de Renesse. La Zélande
75%
Duché (aujourd'hui grand-duché) allié aux Flamands et dont un membre de la dynastie, le seigneur de Ligny, fut tué au cours de la bataille des Éperons d'or. Le Luxembourg
75%
Fleur qui constitue le symbole de la famille royale française. Les partisans du roi en Flandre étaient surnommés les "Leliaerts" du nom flamand de cette fleur : "lelie". Le lys
75%
Actuelle capitale de la Wallonie dont le comte de Flandre était à l'époque également le comte, ce pourquoi l'on retrouve le "Lion des Flandres" sur les armoiries de cette ville. Le marquis Jean Ier de cette ville a combattu aux côtés des Flamands. Namur
75%
Ville de Flandres où a eu lieu le massacre des partisans du roi, deux mois avant la bataille des Éperons d'or : "les Matines de ____". Bruges
50%
Pieter de Coninck, l'un des belligérants, était le doyen de la ______ des tisserands. C'est-à-dire un regroupement de travailleurs pratiquant une même activité dans le but de défendre leurs intérêts et d'assurer une couverture sociale (caisses de retraites, hospices, assurances accidents, etc.). Corporation / Guilde
50%
Bataille terrestre survenue deux ans après la bataille des Éperons d'or et au cours de laquelle le roi de France prit sa revanche sur les Flamands. Le site de cette bataille est aujourd'hui le lieu de l'un des secteurs les plus importants de la course cycliste Paris-Roubaix dans le département du Nord. Mons-en-Pévèle
50%
Personne dont l'activité est l'abattage du bétail et la transformation des carcasses animales en viande détaillée. Ce qu'était Jan Breydel, autre figure de la résistance flamande au moment de la bataille des Éperons d'or. Il en était lui aussi le doyen de la [réponse précédente]. Un boucher
50%
Aucun quiz correspondant
Distribution des résultats
% des personnes avec chaque résultat
Percentile par nombre de réponses
Votre historique - résultats
Vous n’avez pas pris ce quiz